000 00343cam a22001097a 4500
008 180718b xxu||||| |||| 00| 0 eng d
082 _aWx54 In2
245 _aTransport in India
_cby Lok Sabha Secretariat, India
260 _aNew Delhi
_bLok Sabha Secretariat
_c
500 _aContents: Library has 1986, 1989
700 _aIndia. Lok Sabha Secretariat
999 _c498474
_d498474